000 00322 a2200145 4500
001 175876
020 _a
040 _cMagnum
100 _aCesar, Jasiel
240 1 0 _aA revolucao silenciosa do voto
_lpor
245 1 0 _aA revolucao silenciosa do voto
362 0 _a1899
697 _aMAGNITO: LEGISLACAO
942 _cBK
999 _c175876
_d175876